| 000 | 00836nam a22002177a 4500 | ||
|---|---|---|---|
| 999 |
_c5109 _d5109 |
||
| 003 | AR-CdUCM | ||
| 008 | 190312b ||||| |||| 00| 0 spa d | ||
| 040 |
_aMUNICIPALIDAD PROVINCIAL DEL CUSCO _cBIBLIOTECA MUNICIPAL DEL CUSCO |
||
| 082 |
_a985.2 / _bL66 |
||
| 245 |
_aFestival de Lima : _bSátira y humor / |
||
| 260 |
_aLima : _bMercagraph, _c1959. |
||
| 300 |
_a148 páginas ; _bImágenes, _c17 cm. |
||
| 500 | _aDonación familia Luis Nieto | ||
| 505 | _aContenido: Receta necesario para vivir en Lima -- Coloquio y disputa en que se indaga el donde, el cuanto y el pretexto con que se miente mas en Lima -- Lima -- Lima por dentro y fuera... | ||
| 650 |
_aCapital Lima _915546 |
||
| 650 |
_aCarnaval _915465 |
||
| 650 |
_aTradición _92713 |
||
| 700 |
_aConcejo provincial de Lima _915114 |
||
| 942 |
_2ddc _cLIBROS |
||
| 945 | _adavv | ||